505 Mikołów Dworzec - Orzesze Szkoła - Statystyki

Ogólne statystyki
  • Ten quiz został rozwiązany 15 razy
  • Średni wynik to 10 z 27
Statystyki odpowiedzi
Gmina Przystanek % Poprawnych
Mikołów Dworzec
90%
Mikołów Fabryczna
70%
Orzesze Kościól
70%
Ornontowice Szkoła
60%
Orzesze Szkoła
60%
Ornontowice Centrum
50%
Mikołów Mokre Kolonia
50%
Mikołów Wygoda Skrzyżowanie
50%
Mikołów Bujaków Kościól
40%
Mikołów Mokre Przychodnia
40%
Mikołów Paniowy Darwina
40%
Orzesze Szpital
40%
Mikołów Bujaków Osiedle
30%
Ornontowice Dworcowa
30%
Mikołów Mokre Lączna
30%
Mikołów Nowa Wygoda
30%
Mikołów Paniowy Kąty
30%
Mikołów Śmiłowice Las
30%
Ornontowice Bujakowska
20%
Orzesze Huta Szkła
20%
Mikołów Śmiłowice Biblioteka
20%
Mikołów Śmiłowice Łączna
20%
Mikołów Śmiłowice Stracona Wioska
20%
Mikołów Bujaków Dworcowa
10%
Ornontowice Działkowa
10%
Ornontowice Zespól Szkól
10%
Orzesze Urząd Miejski
0%
Nie znaleziono quizów pasujących do podanych kryteriów
Rozkład punktacji
Procent ludzi z każdym wynikiem
Percentyl według liczby udzielonych odpowiedzi
Twoja historia wyników
Nie rozwiązałeś tego quizu